| 000 | 01044nam a22003137a 4500 | ||
|---|---|---|---|
| 001 | 8247 | ||
| 003 | FISKH | ||
| 005 | 20251205100758.0 | ||
| 008 | 250904b cb ||||| |||| 00| 0 eng d | ||
| 020 | _a9781595155498 | ||
| 040 |
_aFISKH _beng _cFISKH _dFISKH |
||
| 050 | _aTJ1350.W48 | ||
| 082 | _a621.8 | ||
| 100 | _aWhitehouse, Patty | ||
| 245 |
_aMoving machines / _cBy Patty Whitehouse |
||
| 260 |
_aFlorida : _bRourke Publishing LLC, _c2007. |
||
| 300 |
_a24 pages : _bcolor illustrations ; _c21 cm . |
||
| 505 | _aJ | ||
| 520 | _aSimple text and photos of construction equipment explore movement with ramps, pulleys, shovels and scoops, and wheels. | ||
| 521 | 8 |
_a500
_bLexile estimate |
|
| 521 | 8 |
_aJ
_bRaz-Plus |
|
| 650 |
_aHoisting machinery _vJuvenile Literature |
||
| 650 |
_aMaterials handling _vJuvenile Literature |
||
| 650 |
_aMotion _vJuvenile Literature |
||
| 650 |
_aBuilding sites _vJuvenile Literature |
||
| 700 |
_aStengard-Olliges, Robert _eEditor |
||
| 942 |
_2ddc _cBK _n0 |
||
| 999 |
_c8247 _d8247 |
||